000 00499nam a2200193Ia 4500
005 20250326142802.0
008 250326s9999 xx 000 0 und d
037 _aTextbook
040 _aFMSL
_beng
_cFMSL
041 _aeng
_2eng
084 _aX:8F M41
_qFMSL
100 _aHendriksen E S
_9738227
245 0 _aAccounting theory
_cHendriksen E S
250 _a4
260 _aDelhi
_bDelhi, Khosla
_c1984
300 _a603p
942 _cTB
_hX:8F M41
999 _c1296616
_d1296616